00382 a2200145 4500001000700000003000400007005001700011008004100028082001700069100001400086245007500100260003700175300001000212700001400222066410OSt20210928113649.0  a005.12bQ16S1 aKai, Qian1 aSoftware architecture and design illuminatedcby Qian Kai and Fu Xiang aBostonbJones and Bartlettc2010 a387p. aXiang, Fu